000 00295nam a2200121Ia 4500
008 190216s9999||||xx |||||||||||||| ||und||
100 _aCairneross
245 0 _aFactors In Economic Development
260 _bGeorge Allel And Unwin Ltd
_c1962
300 _a346p
650 _aCommerce
942 _cBK
999 _c4625
_d4625